Doing qualitative research differently: free association, narrative and the interview method (Record no. 75634)

MARC details
000 -LEADER
fixed length control field 00984nam a2200217 a 4500
008 - FIXED-LENGTH DATA ELEMENTS--GENERAL INFORMATION
fixed length control field 101021s2000 ||||||||||||||||| || u
020 ## - INTERNATIONAL STANDARD BOOK NUMBER
International Standard Book Number 9780761964261
050 ## - LIBRARY OF CONGRESS CALL NUMBER
Classification number H 62 Hol
100 ## - MAIN ENTRY--PERSONAL NAME
Personal name Hollway, Wendy
245 10 - TITLE STATEMENT
Title Doing qualitative research differently: free association, narrative and the interview method
Statement of responsibility, etc. by Wendy Hollway and Tony Jefferson
260 ## - PUBLICATION, DISTRIBUTION, ETC.
Place of publication, distribution, etc. London:
Name of publisher, distributor, etc. SAGE Publications
Date of publication, distribution, etc. 2000
300 ## - PHYSICAL DESCRIPTION
Extent [iv], 166p.: ill.
350 ## -
-- 0.00
500 ## - GENERAL NOTE
General note Includes Index and Appendix
650 ## - SUBJECT ADDED ENTRY--TOPICAL TERM
Topical term or geographic name entry element RESEARCH COLLABORATION
650 #0 - SUBJECT ADDED ENTRY--TOPICAL TERM
Topical term or geographic name entry element QUALITATIVE RESEARCH
650 #0 - SUBJECT ADDED ENTRY--TOPICAL TERM
Topical term or geographic name entry element SOCIAL SCIENCES--RESEARCH
700 ## - ADDED ENTRY--PERSONAL NAME
Personal name Jefferson, Tony
995 ## -
-- MAIN LIBRARY OPEN ACCESS
-- 0.00
-- 742040
-- CBU-MAIN LIBRARY (Kitwe)
-- 1
-- 0.00
-- H 62 HOL
-- 1
-- AVAILABLE
-- Nov 18, 2010
-- 742040
-- Main Library Open Access Collection
995 ## -
-- MAIN LIBRARY OPEN ACCESS
-- 0.00
-- 742292
-- CBU-MAIN LIBRARY (Kitwe)
-- 1
-- 0.00
-- H 62 HOL
-- 2
-- AVAILABLE
-- Dec 8, 2010
-- 742292
-- Main Library Open Access Collection
999 ## -
-- 75634
-- 75634
Holdings
Withdrawn status Lost status Source of classification or shelving scheme Damaged status Not for loan Permanent Location Current Location Shelving location Date acquired Total Checkouts Full call number Barcode Date last seen Copy number Price effective from Koha item type
          CBU-MAIN LIBRARY, KITWE. CBU-MAIN LIBRARY, KITWE.   04/24/2023   H 62 Hol 742040 04/24/2023 1 04/24/2023 MONOGRAPH
          CBU-MAIN LIBRARY, KITWE. CBU-MAIN LIBRARY, KITWE.   04/24/2023   H 62 Hol 742292 04/24/2023 2 04/24/2023 MONOGRAPH